000 00846nam a22002777a 4500
001 9333
003 FISKH
005 20260120120241.0
008 251211b cb ||||| |||| 00| 0 eng d
020 _a9780545430890
040 _aFISKH
_beng
_cFISKH
_dFISKH
050 _aPZ7
082 _a621.8
100 _aScott, Janine
_eAuthor
245 _aMachine on the move :
_bInvestigator forces /
_cby Janine Scott
260 _aSydney :
_bWeldon Owen Pty Ltd. ,
_c2011
300 _a28 pages :
_bphotographs ;
_c22 cm
505 _aR
520 _aMighty machines and mini machines are often on the move. What happens when they stop working? How can we get out chores done?
521 8 _a680
_bLexile NC
521 8 _aR
_bRaz-Plus
650 _aMachines
_vForces
650 _aFarm
_vWorkhorse
942 _2ddc
_cBK
_n0
999 _c9333
_d9333